| 000 | 00733nam a2200217 a 4500 | ||
|---|---|---|---|
| 003 | AM-YEHGA | ||
| 040 | _aAM-YeHGA | ||
| 090 | _c457462 | ||
| 001 | 000532644 | ||
| 005 | 20250618075332.0 | ||
| 008 | 070419s1919 ai | |||||||||||||arm|d | ||
| 041 | 0 | _aarm | |
| 100 | 0 | _aԲանւոր Հայկ | |
| 245 | 1 | 0 |
_aԿարմիր բանակ / _cԲանւոր Հայկ; ՌՍՖԽՀ. |
| 260 |
_aՄոսկվա : _bՀայկ. կենտր. կոմ. հրատ., _c1919. |
||
| 300 |
_a46 էջ ; _c19 սմ. |
||
| 650 | 1 | 4 |
_aԿարմիր բանակ _95168 |
| 650 | 1 | 4 | _aԽորհրդային բանակ |
| 710 | 2 | _aՌուսաստանի Սոցիալիստական Ֆեդերատիվ Խորհրդային Հանրապետութիւն | |
| 942 |
_2udc _cBK |
||
| 999 |
_c454471 _d454471 |
||